Ekonomika, organizacija i planirovanije sudostroitel'nogo proizvodstva

Salvato in:
Dettagli Bibliografici
Autore principale: Krotov, Jurij Jevdokimovič
Natura: Libro
Lingua:russo
Pubblicazione: Leningrad Sudostrojenije 1973
Tags: Aggiungi Tag
Nessun Tag, puoi essere il primo ad aggiungerne!!

MARC

LEADER 00000nam a2200000 4500
001 c121297
005 20041019155222.1
041 0 |a rus 
044 |a RU 
245 1 0 |a Ekonomika, organizacija i planirovanije sudostroitel'nogo proizvodstva  |c Jurij Jevdokimovič Krotov 
264 1 |a Leningrad  |b Sudostrojenije  |c 1973 
300 |a 309 s. 
100 1 |a Krotov, Jurij Jevdokimovič